Organization theory : Selected readings
Spans seventy years of theory from Max Weber's seminal writings on bureaucratic organization to the management thinking represented by Handy, Peters and Waterman. This title covers three areas of interest, those of the structure of organizations, management and decision making, as well as that...
Na minha lista:
| Formato: | Livro |
|---|---|
| Idioma: | Undetermined |
| Publicado em: |
New York
Penguin Books
1984
|
| Assuntos: | |
| Tags: |
Adicionar Tag
Sem tags, seja o primeiro a adicionar uma tag!
|
| Thư viện lưu trữ: | Trung tâm Học liệu Trường Đại học Cần Thơ |
|---|
| LEADER | 00842nam a2200193Ia 4500 | ||
|---|---|---|---|
| 001 | CTU_227855 | ||
| 008 | 210402s9999 xx 000 0 und d | ||
| 082 | |a 302.35 | ||
| 082 | |b O.68 | ||
| 245 | 0 | |a Organization theory : | |
| 245 | 0 | |b Selected readings | |
| 245 | 0 | |c Edited by D.S. Pugh | |
| 260 | |a New York | ||
| 260 | |b Penguin Books | ||
| 260 | |c 1984 | ||
| 520 | |a Spans seventy years of theory from Max Weber's seminal writings on bureaucratic organization to the management thinking represented by Handy, Peters and Waterman. This title covers three areas of interest, those of the structure of organizations, management and decision making, as well as that of organizational behaviour. | ||
| 650 | |a Hành vi tổ chức,Organizational behavior | ||
| 910 | |b dqhieu | ||
| 980 | |a Trung tâm Học liệu Trường Đại học Cần Thơ | ||